SCHWARTZ'S PRINCIPLES OF SURGERY (Record no. 19699)

MARC details
000 -LEADER
fixed length control field 00371nam a22001577a 4500
003 - CONTROL NUMBER IDENTIFIER
control field SGT
020 ## - INTERNATIONAL STANDARD BOOK NUMBER
International Standard Book Number 978-1-260-57009-0
082 ## - DEWEY DECIMAL CLASSIFICATION NUMBER
Classification number 617
Item number S19B
100 ## - MAIN ENTRY--PERSONAL NAME
Personal name BRUNICARDI, F. CHARLES
245 ## - TITLE STATEMENT
Title SCHWARTZ'S PRINCIPLES OF SURGERY
250 ## - EDITION STATEMENT
Edition statement 11TH
260 ## - PUBLICATION, DISTRIBUTION, ETC. (IMPRINT)
Place of publication, distribution, etc NEW YORK
Name of publisher, distributor, etc MC GRAW HILL
Year of Publication 2019
300 ## - PAGE DESCRIPTION
No. of Pages 1165, 2295
650 ## - SUBJECT ADDED ENTRY--TOPICAL TERM
Topical term or geographic name as entry element GENERAL SURGERY
942 ## - ADDED ENTRY ELEMENTS (KOHA)
Source of classification or shelving scheme Dewey Decimal Classification
Koha item type Books
Holdings
Withdrawn status Lost status Source of classification or shelving scheme Damaged status Not for loan Collection code Home library Current library Shelving location Date acquired Vendor Name Cost, normal purchase price Volume Information (Serial or Books or Non-Book Material) SGTU Bill Number Total Checkouts Full call number Accession No. (Barcode) Date last seen Bill Date Koha item type
    Dewey Decimal Classification   Not For Loan MEDICAL SGT Medical Library SGT Medical Library Reference Book 08/01/2020 ABC DELHI 0.00 VOL-I SGTU 11626   617 S19B FM12117 08/01/2020 27/11/2019 Books
    Dewey Decimal Classification   Not For Loan MEDICAL SGT Medical Library SGT Medical Library Reference Book 08/01/2020 ABC DELHI 0.00 VOL-I SGTU 11626   617 S19B FM12118 08/01/2020 27/11/2019 Books
    Dewey Decimal Classification   Not For Loan MEDICAL SGT Medical Library SGT Medical Library Reference Book 08/01/2020 ABC DELHI   VOL-II SGTU 11626   617 S19B FM12119 08/01/2020 27/11/2019 Books
    Dewey Decimal Classification   Not For Loan MEDICAL SGT Medical Library SGT Medical Library Reference Book 08/01/2020 ABC DELHI   VOL-II SGTU 11626   617 S19B FM12120 08/01/2020 27/11/2019 Books